All Greece Superleague teams ever - Statistics

General Stats
  • This quiz has been taken 343 times
    88 since last reset
  • The average score is 41 of 68
Answer Stats
Seasons Last Answer % Correct
61 2024/25 AEK Athens
98%
64 2024/25 PAOK Thessaloniki
98%
64 2024/25 Olympiakos Piraeus
97%
58 2024/25 Aris Thessaloniki
95%
64 2024/25 Panathinaikos
95%
4 2024/25 Volos
95%
45 2024/25 OFI Crete
94%
1 (Cypriot) 1973/74 APOEL Nicosia
91%
22 2024/25 Atromitos
91%
29 2020/21 Larissa
91%
16 2024/25 Asteras Tripolis
89%
6 2024/25 Lamía
89%
53 2016/17 Iraklis Thessaloniki
88%
59 2019/20 Panionios
88%
30 2019/20 Xanthi
88%
20 2024/25 Levadiakos
83%
12 2024/25 Panetolikos
83%
1 (Cypriot) 1968/69 AEL Limassol
82%
5 2024/25 Athens Kallithea
80%
7 2000/01 Kalamata
80%
26 2024/25 Panserraikos
80%
26 2023/24 PAS Giannina
79%
6 2014/15 Niki Volos
77%
7 2017/18 Kerkyra
74%
27 2022/23 Ionikos Nikeas
73%
1 2023/24 Kifissia
73%
9 2014/15 Ergotelis
70%
6 2015/16 Panthrakikos
70%
3 2015/16 Kalloni
68%
41 2021/22 Apollon Smyrnis
67%
26 2002/03 Panachaiki Patras
67%
1 (Cypriot) 1972/73 Omonia Nicosia
65%
5 2017/18 Platanias
65%
4 1982/83 Rodos
65%
19 2010/11 Kavala
64%
17 2016/17 Veria
64%
21 2011/12 Doxa Dramas
61%
23 2006/07 Egaleo
59%
10 1996/97 Kastoria
58%
7 1972/73 Trikala
58%
9 2010/11 Olympiakos Volos
48%
3 1988/89 Diagoras Rhodes
47%
1 2008/09 Thrasyvoulos Filis
45%
4 2003/04 Akratitos
44%
1 1982/83 Makedonikos
44%
16 1992/93 Pierikos Katerini
44%
9 2000/01 Athinaikos
42%
15 2003/04 Proodeftiki
41%
1 1968/69 Chalkis
39%
5 1996/97 Edessaikos
39%
36 1998/99 Ethnikos Piraeus
39%
20 2007/08 Apollon Pontou
36%
8 2003/04 Paniliakos
36%
4 1969/70 Vyzas
36%
7 1973/74 Fostiras
35%
4 2001/02 Ethnikos Asteras
30%
5 1992/93 PAS Korinthos
30%
3 1998/99 Panelefsiniakos
27%
1 (Cypriot) 1970/71 EPA Larnaca
26%
2 2004/05 Chalkidona
24%
3 (Cypriot) 1971/72 Olympiakos Nicosia
24%
6 1965/66 Panegialios
24%
1 1993/94 Naoussa
23%
1 1959/60 Megas Alexandros
20%
1 1963/64 Olympiakos Chalkidas
18%
1 1960/61 Thermaikos Thessaloniki
14%
1 1960/61 Atromitos Piraeus
11%
1 1959/60 Nikea
11%
No matching quizzes found
Score Distribution
Percent of People with Each Score
Percentile by Number Answered
Your Score History
You have not taken this quiz since the last reset